00342nam a2200133Ia 4500008004100000020001500041041001200056082001600068100001500084245005300099260003300152300000800185650001500193221030s9999 xx 000 0 und d a8174462651 aEnglish a105.23bBal aN. Balwani 0aAccounting & Finance For Managerscby N. Balwani bExcel BooksaNew Delhic2003 a608 aManagement